000 00593nam a22001817a 4500
008 170318s2009 gt||||| |||| 00| 0 spa d
082 0 4 _a861
_bU33v
110 1 _auip.
_95632
245 1 0 _aMomentología y las rosas /
_cuip ; edición por Simón Pedroza; ilustraciones por Luis Pedro Hurtarte.
250 _a1a ed.
260 _aGuatemala :
_buip ; S.o.P.a,
_c2009.
300 _a28 p.
_bil.
653 1 0 _aLiteratura
653 1 0 _aLiteratura Latinoamericana
653 1 0 _aPoesía - Guatemala
700 1 _aPedroza, Simón.
_eeditor.
_95556
700 1 _aHurtarte, Luis Pedro.
_eilustrador.
_95750
999 _c1152
_d1152